LEADER 00880nam0-2200301---450- 001 990009355960403321 005 20110509141236.0 035 $a000935596 035 $aFED01000935596 035 $a(Aleph)000935596FED01 035 $a000935596 100 $a20110509d1951----km-y0itay50------ba 101 0 $aeng 102 $aGB 105 $ay-------001yy 200 1 $aMicro-arteriography$eand other radiological techniques employed in biological research$fAlfred E. Barclay 210 $aOxford$cBlackwell$dstampa 1951 215 $aXIII, 102 p., 3 c. di tav. ripieg.$cill.$d25 cm 610 0 $aAngiografia 676 $a616.0757 700 1$aBarclay,$bAlfred E.$0510998 801 0$aIT$bUNINA$gRICA$2UNIMARC 901 $aBK 912 $a990009355960403321 952 $aIIIf C 5$b2159$fDMVSF 959 $aDMVSF 996 $aMicro-arteriography$9768027 997 $aUNINA LEADER 05501nam 2200709Ia 450 001 9910139078203321 005 20230802012842.0 010 $a1-118-70487-8 010 $a1-283-59692-X 010 $a9786613909374 010 $a1-118-42446-8 010 $a1-118-42447-6 035 $a(CKB)2560000000092771 035 $a(EBL)1015631 035 $a(OCoLC)811502679 035 $a(SSID)ssj0000710965 035 $a(PQKBManifestationID)11416599 035 $a(PQKBTitleCode)TC0000710965 035 $a(PQKBWorkID)10689276 035 $a(PQKB)11432482 035 $a(OCoLC)810924632 035 $a(MiAaPQ)EBC1015631 035 $a(Au-PeEL)EBL1015631 035 $a(CaPaEBR)ebr10598745 035 $a(CaONFJC)MIL390937 035 $a(EXLCZ)992560000000092771 100 $a20120404d2012 uy 0 101 0 $aeng 135 $aur|n|---||||| 181 $ctxt 182 $cc 183 $acr 200 00$aAdvances in equine laparoscopy$b[electronic resource] /$fedited by Claude Ragle 210 $aAmes, IA $cWiley-Blackwell$d2012 215 $a1 online resource (366 p.) 225 0 $aAdvances in veterinary surgery 300 $aDescription based upon print version of record. 311 $a0-470-95877-4 320 $aIncludes bibliographical references and index. 327 $aTitle page; Copyright page; Dedication; Contents; Contributors; Foreword; Foreword; Preface; Acknowledgment; Section I: Laparoscopic Skills and Instrumentation; 1: Foundations of Laparoscopy; Origins of laparoscopy; Subsequent developments; Rapid growth of human laparoscopy; Evolution of equine laparoscopy; Bibliography; 2: Fundamental Laparoscopic Skills; Introduction; Bibliography; 3: Suturing and Knot-Tying Techniques; Introduction; Preparation for suturing; Instrumentation and suture; The simple stitch; Introduction of the needle and suture into the body and loading of the needle holder 327 $aPassing the stitchEndo Stitch®; Tying the knot; Extracorporeal knots; Intracorporeal knotting (Video 3.1 at www.wiley.com/go/ragle); Acknowledgment; Videos available online; Further reading; 4: Fundamentals of Energy Sources; Introduction; Thermal effects in tissue; Electrocautery technology; Electrosurgical technology; Ultrasonic technology; Laser technology; Safe application of thermal energy in surgery; Conclusions; References; 5: Reusable Equipment; Introduction; Endoscope system; Telescopes and instruments; Laparoscopes; Trocars and cannulas; Hand instruments; Cleaning and disinfection 327 $aElectromechanical devicesInsufflators; Energy sources; Morcellators; Imaging systems; Light sources and light cables; Cameras and monitors; HD cameras; Documentation devices; The future; 6: Disposable Equipment; Introduction; Insufflation; Ports; Tissue manipulation; Fixation; Clips; Tacking devices/hernia repair; Endostaplers; Suturing; Energy-based devices; Specimen retrieval; References; Section II: Laparoscopy in the Standing Horse; 7: Sedation and Analgesia in the Standing Horse; Introduction; Sedative and analgesic drugs (dosages in Table ); Alpha-2 agonists; Opioids 327 $aLocal anesthetic drugsAcepromazine; Techniques; Initial sedation; Prolonging sedation and analgesia; Local blockade; Epidural analgesia (Figure ); Multimodal analgesia; Physiological changes and monitoring; Postoperative pain; References; 8: Diagnostic Techniques; Introduction; Background; Rationale for the procedure; Indications; Contraindications; Standing surgery; Anesthesia, positioning, and surgical preparation; Instrumentation; Surgery; Dorsally recumbent surgery; Anesthesia, positioning, and surgical preparation; Surgery; Postoperative management; Conclusion 327 $aProcedure-related complications and patient outcomesCost-effectiveness; Limitations of the available literature; References; 9: Evaluation of Horses with Signs of Acute and Chronic Abdominal Pain; Introduction; Equipment; Instruments; Indications for laparoscopy; Laparoscopy for acute signs of abdominal pain; Postcastration bleeding; Postcastration evisceration; Scrotal hernia in adults; Scrotal hernia in foals; Omental herniation into the scrotum (after previous castration); Small intestine; Small colon; Diaphragmatic hernia 327 $aTrauma to the body wall with secondary injury to the internal organs 330 $aPart of the Advances in Veterinary Surgery series copublished with the ACVS Foundation and Wiley-Blackwell, Advances in Equine Laparoscopy presents a state-of-the-art reference on laparoscopic skills and procedures in the horse. Chapters are written by the leading experts in the field, and each section includes a practical review of the published literature. Encompassing instrumentation, basic principles, and specific techniques, Advances in Equine Laparoscopy offers an up-to-date, reliable resource for comprehensive information about equine laparoscopy. This curr 410 0$aAVS Advances in Veterinary Surgery 606 $aHorses$xSurgery 606 $aHorses$xDiseases$xDiagnosis 606 $aVeterinary laparoscopic surgery 615 0$aHorses$xSurgery. 615 0$aHorses$xDiseases$xDiagnosis. 615 0$aVeterinary laparoscopic surgery. 676 $a636.1/0897 701 $aRagle$b Claude$0916638 801 0$bMiAaPQ 801 1$bMiAaPQ 801 2$bMiAaPQ 906 $aBOOK 912 $a9910139078203321 996 $aAdvances in equine laparoscopy$92054920 997 $aUNINA LEADER 03215nam 2200733 450 001 9910825427503321 005 20230803032846.0 010 $a1-61451-355-4 024 7 $a10.1515/9781614513551 035 $a(CKB)2670000000519659 035 $a(EBL)1184373 035 $a(SSID)ssj0001112348 035 $a(PQKBManifestationID)11636882 035 $a(PQKBTitleCode)TC0001112348 035 $a(PQKBWorkID)11161719 035 $a(PQKB)11599467 035 $a(MiAaPQ)EBC1184373 035 $a(DE-B1597)208481 035 $a(OCoLC)885389309 035 $a(OCoLC)948655575 035 $a(DE-B1597)9781614513551 035 $a(Au-PeEL)EBL1184373 035 $a(CaPaEBR)ebr10838319 035 $a(CaONFJC)MIL574257 035 $a(OCoLC)870590062 035 $a(EXLCZ)992670000000519659 100 $a20131122h20132013 uy| 0 101 0 $aeng 135 $aur|n|---||||| 181 $ctxt 182 $cc 183 $acr 200 14$aThe inscriptions of Nabopolassar, Ame?l-Marduk and Neriglissar /$fRoci?o Da Riva 210 1$aBerlin :$cDe Gruyter,$d[2013] 210 4$d©2013 215 $a1 online resource (252 p.) 225 1 $aStudies in ancient Near Eastern records,$x2161-4415 ;$vvolume 3 300 $aDescription based upon print version of record. 311 $a1-61451-587-5 320 $aIncludes bibliographical references and indexes. 327 $aIntroduction: The royal inscriptions as historical sources; The contents of the inscriptions; Style and composition of the inscriptions : intertextuality in the texts of Nabopolassar and Neriglissar; Archaeology and inscriptions : material supports and find-spots of the inscriptions -- The inscriptions of Nabopolassar -- The inscriptions of Amel-Marduk -- The inscriptions of Neriglissar -- Glossary -- Concordance -- List of photographs. 330 $aThis volume will include critical and collated editions of all the inscriptions of the 1st-millennium Babylonian kings Nabopolassar (626?605), Amel-Marduk (biblical Evil-Merodach, 561?560), and Neriglissar (559?556). The editions will be preceded by an in-depth study and followed by a glossary and concordance of the inscriptions as well as complete indexes of toponyms, anthroponyms, and theonyms. The volume includes a CD-ROM with high-definition full-color digital images of the inscriptions. 410 0$aStudies in ancient Near Eastern records ;$vv. 3. 606 $aInscriptions$zIraq$zBabylonia 606 $aBuildings$zIraq$zBabylonia$xHistory$vSources 607 $aBabylonia$xKings and rulers$vSources 607 $aBabylonia$xAntiquities 607 $aBabylonia$xReligious life and customs$vSources 610 $aAkkadian texts. 610 $aAssyriology. 610 $aNeo-Babylonian Period. 610 $aroyal inscriptions. 615 0$aInscriptions 615 0$aBuildings$xHistory 676 $a935/.504 686 $aEM 2650$qSEPA$2rvk 700 $aDa Riva$b Roci?o$0674705 801 0$bMiAaPQ 801 1$bMiAaPQ 801 2$bMiAaPQ 906 $aBOOK 912 $a9910825427503321 996 $aInscriptions of Nabopolassar, Am?l-Marduk and Neriglissar$91766615 997 $aUNINA